| 000 | 01950cam a2200385 a 4500 | ||
|---|---|---|---|
| 001 | 15742429 | ||
| 005 | 20091109081626.0 | ||
| 008 | 090518s2008 caua g b 001 0 eng | ||
| 010 | _a2009278263 | ||
| 020 | _a0596527675 | ||
| 020 | _a9780596527679 | ||
| 035 | _a(OCoLC)ocn189657455 | ||
| 040 |
_aPMS _cPMS _dMOU _dDAY _dAU@ _dVP@ _dDLC |
||
| 042 | _alccopycat | ||
| 050 | 0 | 0 |
_aQA76.76.D47 _bS535 2008 |
| 082 | 0 | 4 |
_a005.74 _222 _bSHO |
| 100 | 1 |
_aShore, James. _920869 |
|
| 245 | 1 | 4 |
_aThe art of agile development / _cJames Shore and Shane Warden. |
| 260 |
_aBeijing : _aSebastopol, CA : _bO'Reilly Media, Inc., _c2008. |
||
| 300 |
_axviii, 415 p. : _bill. ; _c24 cm. |
||
| 490 | 1 |
_aTheory in practice _920870 |
|
| 504 | _aIncludes bibliographical references and index. | ||
| 650 | 0 |
_aAgile software development. _920871 |
|
| 700 | 1 |
_aWarden, Shane. _920872 |
|
| 830 | 0 |
_aTheory in practice (Sebastopol, Calif.) _920873 |
|
| 856 | 4 | 2 |
_3Contributor biographical information _uhttp://www.loc.gov/catdir/enhancements/fy0912/2009278263-b.html |
| 856 | 4 | 2 |
_3Publisher description _uhttp://www.loc.gov/catdir/enhancements/fy0915/2009278263-d.html |
| 856 | 4 | 1 |
_3Table of contents only _uhttp://www.loc.gov/catdir/enhancements/fy1001/2009278263-t.html |
| 906 |
_a7 _bcbc _ccopycat _d2 _encip _f20 _gy-gencatlg |
||
| 942 |
_2ddc _cBB |
||
| 999 |
_c14807 _d14807 |
||